000
00313pam a2200133a 44500
008
230405s2023 xxu||||| |||| 00| 0 eng d
041
_a
ENG
100
_a
Rohini Mudholkar
245
_a
Political Theories
250
_a
2019 Ed.
260
_a
PUNE
_b
HIND LAW HOUSE,
_c
2023
300
_a
1-1072p.
906
_a
3771
999
_c
274745
_d
274745